| 000 | 00797nam a2200217 4500 | ||
|---|---|---|---|
| 001 | 174945 | ||
| 003 | ES-MaACL | ||
| 005 | 20250629053020.0 | ||
| 008 | 100726s2006 sp o |||| |dspa d | ||
| 080 | _a347.674 | ||
| 100 | 1 |
_aFinisterre, Alejandro. _950896 |
|
| 245 | 1 | 0 |
_aDel maltrato a León Felipe en su legado / _cdenuncia pública de Alejandro Campos Ramírez ("Alejandro Finisterre"). |
| 260 |
_a[Zamora] : _b[s. n.], _c2006 ( _fGráf. Sfera) |
||
| 300 |
_a47 p. : _bfot. ; _c24 cm. |
||
| 505 | 8 | _aContiene: Artículos publicados en La Opinión-El Correo de Zamora | |
| 594 | _aDocumento histórico de la cultura zamorana. | ||
| 594 | _aTít. tomado de la cub. | ||
| 600 | 1 | 4 |
_aLeón Felipe, _d1884-1968 _971613 |
| 852 |
_aES-MaACL _j2281-F-6 |
||
| 999 |
_c174945 _d174945 |
||